000 02144nam a22001817a 4500
008 111125t xxu||||| |||| 00| 0 eng d
020 _a0262030519
050 _aHB141.C37
245 _aSelected readings in macroeconomics and capital theory /
_cedited by David Cass and Lionel W. Mckenzie
260 _aCambridge:
_bThe MIT Press,
_cc1974.
300 _a516 p.:
_bill.;
_c23cm.
500 _aIncludes index.
505 _aContents: A Macrodynamic theory of business cycles -- The Summation of random causes as the source of cyclic processes -- Mr Keynes and the classics: A Suggested interpretation -- Money and the theory of assets -- Process analysis and equlibrium analysis -- Liquidity preference and the theory of interest and money -- Multiplier effects of a balanced budget -- Capital expansion, rate of growth, and employment -- Macroeconomics and the theory of rational behaviour -- Sur la possibilite de construction de certains macromodels -- Note: Some conditions of macroeconomic stability -- A Multiple-region theory of income and trade -- The Nonlinear accelerator and the persistence of business cycles -- The Rate of interest -- Capital accumulation and the efficient allocation of resources -- Balanced growth under constant returns to scale -- A Generalization of the von Neuman model of an expanding economy -- A Model explaining the pareto distribution of wealth -- Comparative valuation in a dynamic input-output system -- Substitution versus fixed production coefficients in the theory of economic growth -- Rational expectations and the theory of price movements -- Buffer stocks, sales expectations and stability: A multi-sector analysis of the inventory cycle -- The Accumulation of risky capital: A sequential utility analysis -- Turnpike theorems for a generalized leontief model -- Persisistence of continual growth near the von Neuman Ray: A strong version of the Radner Turnpike theorem -- Money and economic growth -- Optimum growth in an aggregative model of capital accumulation: A Turnpike theorem.
650 _aMacroeconomics
700 _aCass, David
700 _aMckenzie, Lionel W.
942 _2lcc
_cBK
999 _c309
_d7809